000 00424nam a2200157Ia 4500
005 20240807062141.0
008 240806s9999||||xx |||||||||||||| ||eng||
041 _aeng
082 _a891.2
_bSRIG
100 _aSriwastav Nadita
245 0 _aGunibhulavyahday ka siddhant & vrihamari me unaka prayog /
_cSriwastav Nadita
260 _bLokayat Prakashan Varanashi
300 _a255
650 _aGeneral Studies
942 _cBK
999 _c9985
_d9985